| 000 | 00524nam a2200217Ia 4500 | ||
|---|---|---|---|
| 003 | OSt | ||
| 005 | 20230410114036.0 | ||
| 008 | 210423s2002 xx 000 0 und d | ||
| 020 | _a978812030279 | ||
| 040 | _cAL | ||
| 041 | _aeng | ||
| 082 | _a512.5 BLYT | ||
| 100 |
_aBLYTH (T S);ROBERTSON (E F). _985294 |
||
| 245 | _aBasic linear algebra. | ||
| 250 | _a2 | ||
| 260 |
_aNew York _bSpringer Verlag _c2002 |
||
| 300 |
_aix,230 _bPB |
||
| 365 |
_b295 _cINR |
||
| 906 | _aalgebra. ; Basic ; linear | ||
| 942 |
_2ddc _cBK |
||
| 999 |
_c158352 _d158352 |
||